Vista normal
Vista MARC
Entrada Materia (personas)
Número de registros utilizados en: 1
001 - CONTROL NUMBER
- control field: 99189
003 - CONTROL NUMBER IDENTIFIER
- control field: Co-BoUCM
005 - DATE AND TIME OF LATEST TRANSACTION
- control field: 20191108104738.0
008 - FIXED-LENGTH DATA ELEMENTS
- fixed length control field: 191108|| aca||aabn | a|a d
040 ## - CATALOGING SOURCE
- Original cataloging agency: Co-BoUCM
- Transcribing agency: Co-BoUCM
100 ## - HEADING--PERSONAL NAME
- Personal name: Márquez Cárdenas, Álvaro E.
670 ## - SOURCE DATA FOUND
- Source citation: Work cat.: (Co-BoUCM)316473: Guerra García, Yolanda M. 99188, Trasplante de órganos, bioética y legislación comparada, 2012